| 000 | 01517nam a2200253 i 4500 | ||
|---|---|---|---|
| 001 | 161769 | ||
| 003 | ES-MaACL | ||
| 005 | 20251003063141.0 | ||
| 008 | 041029s1753 sp |||| | spa d | ||
| 040 |
_aCAM _bspa _cCAM |
||
| 100 | 1 |
_aFerrer Gorraiz Beaumont y Montesa, Vicente, _d1718-1792 _9152495 |
|
| 245 | 1 | 3 |
_aEl promotor de la salud de los hombres, sin dispendio el menor de sus caudales _b: admirable methodo de curar todo mal, con brevedad, seguridad y y [sic] à placer : dissertación histórico-crítico-médico-práctica, en que se establece el agua por remedio universal de las dolencias / _cescrita por ... Vicente Pérez...vulgò el Medico del Agua... |
| 260 |
_aMadrid : _b[s.n.], _c1753. |
||
| 300 |
_a[16], 71 p. ; _c4º. |
||
| 530 | _aDisponible también en sitio web. | ||
| 594 | _aSegún Aguilar Piñal el nombre de Vicente Pérez responde a uno de los seudónimos utilizados por Vicente Ferrer Gorraiz Beaumont y Montesa. | ||
| 597 | _aSign.: ¶-¶¶4, A-I4. | ||
| 597 | _aViñeta xil. en cabecera de p. 1, enmarcando : "Fernando VI y María Bárbara Vivan" | ||
| 650 | 7 |
_aMedicina natural _2embne _914931 |
|
| 650 | 4 |
_aHidroterapia- _vObras anteriores a 1800. _9147184 |
|
| 852 |
_aES-MaACL _jR-3097(6) _x Olim:T-627-F _z-- Enc. pasta española, original de la época _z-- Ex-libris de Mateo Seoane |
||
| 856 |
_uhttp://bibliotecadigitalhispanica.bne.es:80/webclient/DeliveryManager?pid=1832461&custom_att_2=simple_viewer _zIr a la página |
||
| 999 |
_c161769 _d161769 |
||